HUMAN COMPUTER INTERACTION 3RD ED (Record no. 53788)

MARC details
000 -LEADER
fixed length control field 00472pam a2200169 a 4500
020 ## - INTERNATIONAL STANDARD BOOK NUMBER
International Standard Book Number 81-297-0409-9
Terms of availability PAPER BACK
041 ## - LANGUAGE CODE
Language code of original
082 ## - DEWEY DECIMAL CLASSIFICATION NUMBER
Classification number 004.019
Item number DIX/FIN
100 ## - MAIN ENTRY--PERSONAL NAME
Personal name DIX A., FINLAY J., ABOWD G. D. AND BEALE R.
245 ## - TITLE STATEMENT
Title HUMAN COMPUTER INTERACTION 3RD ED
Medium Textual Documents
250 ## - EDITION STATEMENT
Edition statement 01-01-2005
260 ## - PUBLICATION, DISTRIBUTION, ETC.
Name of publisher, distributor, etc. PEARSON EDUCATION, DELHI
300 ## - PHYSICAL DESCRIPTION
Extent XXV/834
Dimensions 24 X 18
500 ## - GENERAL NOTE
General note 11020
653 ## - INDEX TERM--UNCONTROLLED
Uncontrolled term HUMAN COMPUTER INTERFACE (T.E.-II)
930 ## - EQUIVALENCE OR CROSS-REFERENCE-UNIFORM TITLE HEADING [LOCAL, CANADA]
Uniform title 10563
Holdings
Withdrawn status Lost status Damaged status Not for loan Collection Home library Current library Shelving location Date acquired Source of acquisition Cost, normal purchase price Total Checkouts Full call number Barcode Date last seen Date last checked out Copy number Price effective from Koha item type
        EWP College of Engineering for Women, Pune College of Engineering for Women, Pune E-ROW-9:CUP-35 25/09/2006 BHARATI MADHYA. SAHAKARI GRAHAK BHANDAR LTD., 425.00 3 004.019 DIX/FIN EWP-10500 21/05/2026 21/05/2026 1 24/02/2023 Book